[Event "Komercni Banka op"]
[Site "Pardubice"]
[Date "1997.07.23"]
[Round "7"]
[White "Prokopchuk, Evgeny"]
[Black "Gross, Stefan"]
[Result "1-0"]
[WhiteElo "2475"]
[BlackElo "2355"]

1.e4 c5 2.Nf3 Nc6 3.Bb5 g6 4.O-O Bg7 5.Re1 Nf6 6.c3 O-O 7.h3 e5 8.Na3 d6
9.Nc2 Re8 10.d3 h6 11.a3 a6 12.Bc4 d5 13.exd5 Nxd5 14.Be3 b5 15.Ba2 Nxe3
16.Nxe3 Be6 17.a4 Rb8 18.h4 h5 19.axb5 axb5 20.Bxe6 Rxe6 21.Ng5 Rd6 22.Qb3 Qe7
23.Ra6 Nd8 24.Nd5 Qd7 25.Rxd6 Qxd6 26.Ne4 Qa6 27.Nxc5 Qa7 28.Ne4 Ne6 29.Qb4 Bf8
30.Nef6+ Kg7 31.Qe4 Bd6 32.b4 Nc7 33.Nxc7 Qxc7 34.Nd5 Qa7 35.c4 bxc4 36.dxc4 Bxb4
37.Qxe5+ Kh6 38.Nxb4  1-0

[Event "Komercni Banka op"]
[Site "Pardubice"]
[Date "1997.07.24"]
[Round "8"]
[White "Kovalevskaya, Ekaterina"]
[Black "Vokarev, Sergey"]
[Result "1/2-1/2"]
[WhiteElo "2350"]
[BlackElo "2535"]

1.e4 c5 2.Nf3 Nc6 3.Bb5 g6 4.O-O Bg7 5.c3 Nf6 6.e5 Nd5 7.d4 cxd4 8.cxd4 O-O
9.Nc3 Nxc3 10.bxc3 d6 11.exd6 Qxd6 12.a4 Bg4 13.h3 Bxf3 14.Qxf3 Rfc8 15.Ba3 Qc7
16.Rfe1 e6 17.Rab1 Nd8 18.Rb3 a6 19.Be2 Qa5 20.Reb1 Qxa4 21.Be7 b5 22.Ra3 Qc2
23.Bd3 Qd2 24.Rd1 Qb2 25.Rb1 Qd2 26.Rd1 Qb2 27.Rb1  1/2-1/2

[Event "Komercni Banka op"]
[Site "Pardubice"]
[Date "1997.07.25"]
[Round "9"]
[White "Prokopchuk, Evgeny"]
[Black "Chernyshov, Konstantin"]
[Result "0-1"]
[WhiteElo "2475"]
[BlackElo "2445"]

1.e4 c5 2.Nf3 Nc6 3.Bb5 Na5 4.d4 a6 5.Be2 cxd4 6.Nxd4 b5 7.O-O Bb7 8.Qd3 e6
9.a4 b4 10.Nd2 Qc7 11.f4 Rc8 12.Kh1 Bc5 13.b3 Ne7 14.Bb2 O-O 15.Qg3 f6 16.Bd3 Nac6
17.Ne2 Rf7 18.Rae1 Rcf8 19.Nf3 h6 20.Nh4 g5 21.Nf3 Rg7 22.fxg5 Qxg3 23.Nxg3 hxg5
24.Nh5 Rgf7 25.Nd2 Nd4 26.Nc4 Nec6 27.h3 Kh7 28.e5+ f5 29.Kh2 Kh6 30.Ng3 Rh7
31.Bc1 Kg6 32.Ne4 fxe4 33.Bxe4+ Nf5 34.g4 Nd8 35.gxf5+ exf5 36.Bxb7 Nxb7
37.e6 d6 38.Kg2 Re7 39.h4 gxh4 40.Rf4 Rh8 41.Bb2 h3+ 42.Kh2 Rh5 43.c3 Nd8
44.cxb4 Bxb4 45.Rg1+ Rg5 46.Rxg5+ Kxg5 47.Rf3 f4 48.Rxh3 Rxe6 49.Kg2 Kg4
50.Rh8 f3+ 51.Kf1 Re1+ 52.Kf2 Re2+ 53.Kf1 Ne6 54.Rg8+ Kf5 55.Rg3 Kf4 56.Rg6 Re1+
57.Kf2 Ng5 58.Rf6+ Kg4 59.Ne3+ Kh5  0-1

[Event "RUS-Cup10"]
[Site "Tomsk"]
[Date "1997.07.25"]
[Round "4"]
[White "Yandemirov, Valeri"]
[Black "Yakovich, Yuri"]
[Result "1/2-1/2"]
[WhiteElo "2500"]
[BlackElo "2610"]

1.e4 c5 2.Nf3 Nc6 3.Bb5 g6 4.O-O Bg7 5.c3 Nf6 6.e5 Nd5 7.d4 cxd4 8.cxd4 O-O
9.Nc3 Nc7 10.Ba4 d6 11.Bxc6 bxc6 12.Re1 Nb5 13.a4 Nxc3 14.bxc3 Be6 15.exd6 exd6
16.Ng5 Bd5 17.Ne4 f5 18.Ng5 Qd7 19.Qd3 Rfe8 20.Ba3 h6  1/2-1/2

[Event "RUS-Cup10"]
[Site "Tomsk"]
[Date "1997.07.26"]
[Round "5"]
[White "Nesterov, Sergei"]
[Black "Kron, Valentin"]
[Result "0-1"]
[WhiteElo "2100"]
[BlackElo "2445"]

1.e4 c5 2.Nf3 Nc6 3.Bb5 g6 4.Bxc6 dxc6 5.h3 Bg7 6.O-O Nf6 7.Re1 O-O 8.Nc3 Ne8
9.Qe2 e5 10.b3 Nc7 11.d3 Ne6 12.Na4 b6 13.Nb2 Qc7 14.a4 Bd7 15.Be3 Rae8 16.Qd2 Nd4
17.Nxd4 cxd4 18.Bh6 Bxh6 19.Qxh6 f6 20.Nc4 Be6 21.Nd2 Qg7 22.Qxg7+ Kxg7 23.f3 Re7
24.Kf2 Rc7 25.Ke2 Kf7 26.Rf1 g5 27.g4 h5 28.Rh1 Rh8 29.h4 hxg4 30.hxg5 Rh5
31.Rh3 gxh3 32.gxf6 Kxf6 33.Rh1 Rg7 34.Rh2 Kg5 35.Kf2 Kf4 36.Nc4 Bxc4 37.bxc4 Rg3
38.Rh1 Rg2+ 39.Kf1 Kg3 40.Ke1 h2  0-1

[Event "Wch U20"]
[Site "Zagan"]
[Date "1997.07.27"]
[Round "13"]
[White "Zhang Zhong"]
[Black "Ivanisevic, Ivan"]
[Result "1-0"]
[WhiteElo "2475"]
[BlackElo "2540"]

1.e4 c5 2.Nf3 Nc6 3.Bb5 g6 4.O-O Bg7 5.Re1 Nf6 6.e5 Nd5 7.Nc3 Nc7 8.Bxc6 dxc6
9.Ne4 Ne6 10.d3 O-O 11.Be3 b6 12.Qd2 f5 13.exf6 exf6 14.Bh6 a5 15.h3 Ra7
16.Bxg7 Kxg7 17.Re2 Raf7 18.Rae1 h6 19.Ng3 Qd5 20.a3 Qd6 21.Re4 Nd4 22.Nxd4 cxd4
23.f4 c5 24.a4 h5 25.Qf2 Qd5 26.b3 Bd7 27.f5 Bxf5 28.Nxf5+ Qxf5 29.Qxf5 gxf5
30.Re6 Rb8 31.Rc6 b5 32.Rxc5 bxa4 33.bxa4 Kg6 34.Rxa5 Rc7 35.Re2 Rb1+ 36.Kf2 Rb2
37.Rd5 Rb4 38.a5 Ra4 39.Kf3 Ra7 40.Re6 R7xa5 41.Rdd6 Ra1 42.Rxf6+ Kg7 43.Rc6 Rf1+
44.Kg3 Rc5 45.Rg6+ Kf7 46.Rxc5 f4+ 47.Kh4 Kxg6 48.Rg5+ Kf6 49.Rd5 Rf2 50.Rxd4 Ke5
51.Re4+ Kf5 52.c4 Rxg2 53.Re8 Rd2 54.Rd8 Ke5 55.Kxh5 f3 56.Kg4 f2 57.Rd5+ Ke6
58.Rf5 Kd6 59.h4 Rxd3 60.Rxf2 Ke5 61.Rf5+ Ke6 62.Rf3 Rd1 63.Re3+ Kf6 64.Re4 Rg1+
65.Kf3 Kf5 66.Rf4+ Ke5 67.Rg4 Rc1 68.Rg5+ Kf6 69.Rc5 Ke6 70.Ke3 Kd6 71.Kd2 Rf1
72.Rd5+ Kc6 73.h5 Rh1 74.Rg5 Rc1 75.Kd3 Rh1 76.c5 Rh4 77.Ke3 Ra4 78.Re5 Rh4
79.Kf3 Ra4 80.Kf2 Rb4 81.Kg3 Rb6 82.h6 Rb3+ 83.Kg4 Rb1 84.Kf5 Rg1 85.Kf6 Rh1
86.Kg6  1-0

[Event "Wch U20 Girls"]
[Site "Zagan"]
[Date "1997.07.27"]
[Round "13"]
[White "Darchia, Diana"]
[Black "Lomineishvili, Maia"]
[Result "1-0"]
[WhiteElo "2120"]
[BlackElo "2385"]

1.e4 c5 2.Nf3 Nc6 3.Bb5 g6 4.Bxc6 bxc6 5.O-O Bg7 6.c3 d6 7.h3 Nh6 8.d4 cxd4
9.cxd4 f6 10.b3 Nf7 11.Bb2 O-O 12.Nbd2 Bd7 13.Qe2 Qc7 14.Rfe1 Qb7 15.e5 fxe5
16.dxe5 d5 17.Nf1 Nd8 18.Ba3 Bf5 19.Nd4 Ne6 20.Nxe6 Bxe6 21.Qc2 Rf5 22.Bb2 Qb6
23.Ne3 Rf4 24.Rac1 Raf8 25.Qxc6 Rxf2 26.Qxb6 axb6 27.Rc2 Rxc2 28.Nxc2 Bf5
29.Nb4 Be4 30.Nc6 e6 31.Bd4 Kh8 32.b4 Ra8 33.Re2 Bd3 34.Re3 Bb5 35.Rc3 Rf8
36.Na7 Rf1+ 37.Kh2 Bc4 38.Nc6 b5 39.Ra3 Rf8 40.Ra7 Bh6 41.Re7 Ra8 42.Rxe6 Bf4+
43.g3 Rxa2+ 44.Kg1 Bxg3 45.Re7 Rd2 46.e6+ Rxd4 47.Nxd4 Kg8 48.Nc6 Bd6 49.Rd7  1-0

[Event "Budapest FS08 IM"]
[Site "Budapest"]
[Date "1997.08.03"]
[Round "2"]
[White "Philippe, Christophe"]
[Black "Ladanyi, Tibor"]
[Result "1/2-1/2"]
[WhiteElo "2235"]
[BlackElo "2240"]

1.e4 c5 2.Nf3 Nc6 3.Bb5 d6 4.Bxc6+ bxc6 5.h3 g6 6.d3 Bg7 7.O-O e5 8.Nc3 Ne7
9.a3 a5 10.Na4 O-O 11.Nd2 Be6 12.Nc4 d5 13.Nd2 c4 14.dxc4 dxc4 15.Nc5 Qd6
16.Nxe6 Qxe6 17.Qe2 c3 18.bxc3 Nc8 19.Nc4 Rd8 20.Be3 Bf8 21.Rfd1 Nd6 22.Nxd6 Rxd6
23.Rxd6 Qxd6 24.a4 Rb8 25.Qa6 Qc7 26.Rd1 h5 27.Bg5 Kg7 28.Qd3 Be7 29.Bxe7 Qxe7
30.Qc4 Rb6 31.g3 Kf6 32.Kg2 Kg7 33.h4 Kf6 34.Rd3 Kg7 35.Rd2 Kg8 36.Qd3 Rb2
37.Qc4 Rb6 38.Rd1 Kg7 39.Rd3 Kg8 40.Rd2 Kg7 41.f4 Rb1 42.f5 gxf5 43.exf5 Qa7
44.Rf2 Qe3 45.f6+ Kg6 46.g4 Qe1 47.Qd3+ e4 48.gxh5+ Kxh5 49.Qe2+ Qxe2 50.Rxe2 Kxh4
51.Rxe4+ Kg5 52.Re5+ Kxf6 53.Rxa5 Ke6 54.Kf2 Rb2 55.Ke3 Rxc2 56.Kd4 Kd6 57.Rf5 Ra2
58.a5  1/2-1/2

[Event "MK Cafe op-A"]
[Site "Koszalin"]
[Date "1997.08.03"]
[Round "1"]
[White "Pedzich, Dominik"]
[Black "Savitskaya, Ekaterina P"]
[Result "1-0"]
[WhiteElo "2465"]
[BlackElo "2260"]

1.e4 c5 2.Nf3 Nc6 3.Bb5 g6 4.O-O Bg7 5.c3 Nf6 6.Re1 O-O 7.d4 cxd4 8.cxd4 d5
9.e5 Ne8 10.h3 Nc7 11.Bxc6 bxc6 12.Nc3 f6 13.exf6 exf6 14.Bf4 Ne6 15.Bg3 Bh6
16.Na4 Nf4 17.Nc5 Re8 18.Kh1 Kg7 19.Qa4 Rxe1+ 20.Rxe1 Qb6 21.Qa3 Qd8 22.Bxf4 Bxf4
23.Ne6+ Bxe6 24.Rxe6 Qf8 25.Qa6 Rc8 26.g3 Bb8 27.Rxc6 Re8 28.Kg2 Qe7 29.Rc3 Qd7
30.Rc6 Qe7 31.Qb5 Rd8 32.a3 f5 33.Rc2 Qf6 34.Re2 g5 35.Qb7+ Kg8 36.Re7  1-0

[Event "MK Cafe op-A"]
[Site "Koszalin"]
[Date "1997.08.04"]
[Round "2"]
[White "Kielczewski, Krzysztof"]
[Black "Pinski, Jan"]
[Result "0-1"]
[WhiteElo "2220"]
[BlackElo "2295"]

1.e4 c5 2.Nf3 Nc6 3.Bb5 e6 4.O-O Nge7 5.c3 a6 6.Ba4 b5 7.Bc2 Bb7 8.d4 cxd4
9.Nxd4 Qc7 10.f4 Rc8 11.Nb3 Ng6 12.Be3 Nb4 13.Bd3 Nxd3 14.Qxd3 Be7 15.N1d2 O-O
16.Rad1 f5 17.e5 d6 18.exd6 Bxd6 19.Nf3 Bxf4 20.Nbd4 Bd5 21.Bxf4 Qxf4 22.Rfe1 Qg4
23.Qd2 Nf4 24.a4 bxa4 25.Ra1 Rcd8 26.Kh1 Bxf3 27.gxf3 Rxd4 28.Qf2 Rd2 29.fxg4 Rxf2  0-1

[Event "Budapest FS08 IM"]
[Site "Budapest"]
[Date "1997.08.05"]
[Round "4"]
[White "Philippe, Christophe"]
[Black "Dudas, Janos"]
[Result "1/2-1/2"]
[WhiteElo "2235"]
[BlackElo "2400"]

1.e4 c5 2.Nf3 Nc6 3.Bb5 g6 4.Bxc6 bxc6 5.O-O Nf6 6.e5 Nd5 7.c4 Nb6 8.d4 cxd4
9.Qxd4 Bg7 10.Qh4 Ba6 11.Bh6 Bxh6 12.Qxh6 d5 13.Qg7 Kd7 14.Qxf7 Bxc4 15.Re1 Qf8
16.e6+ Kc7 17.Nbd2 Ba6 18.Rac1 Rc8 19.Nd4 Kd6 20.N4f3 Qxf7 21.exf7 Nd7 22.Rc3 Rhf8
23.Ra3 Bb5 24.Rxa7 c5 25.a4 Bc6 26.Rd1 Ke6 27.Re1+ Kd6 28.Rd1 Ke6 29.Re1+ Kd6
30.Rd1 Ke6  1/2-1/2

[Event "Montecatini Terme op"]
[Site "Montecatini Terme"]
[Date "1997.08.05"]
[Round "5"]
[White "Scacco, Mauro"]
[Black "Wiese, Hans Joachim"]
[Result "1-0"]
[WhiteElo "2045"]
[BlackElo "2185"]

1.e4 c5 2.Nf3 Nc6 3.Bb5 e6 4.O-O Nf6 5.Re1 Be7 6.d4 cxd4 7.Nxd4 O-O 8.Nc3 a6
9.Bf1 d6 10.Be3 Bd7 11.f4 Qc7 12.Nb3 b5 13.a3 Rfd8 14.Qf3 Na5 15.Nxa5 Qxa5
16.e5 Ne8 17.Bd3 g6 18.Rad1 Rac8 19.f5 Bc6 20.Qf2 Rb8 21.fxe6 fxe6 22.Rf1 Qc7
23.Qf7+ Kh8 24.Bh6  1-0

[Event "MK Cafe op-A"]
[Site "Koszalin"]
[Date "1997.08.06"]
[Round "5"]
[White "Tseshkovsky, Vitaly"]
[Black "Zezulkin, Jurij"]
[Result "1/2-1/2"]
[WhiteElo "2500"]
[BlackElo "2465"]

1.e4 c5 2.Nf3 Nc6 3.Bb5 g6 4.O-O Bg7 5.Re1 Nf6 6.Nc3 O-O 7.e5 Ne8 8.Bxc6 dxc6
9.Ne4 b6 10.h3 Nc7 11.d3 Ne6 12.Bd2 Qc7 13.Qc1 Bxe5 14.Nxe5 Qxe5 15.b4 cxb4
16.Bxb4 Qc7 17.Ng5 c5 18.Nxe6 fxe6 19.Bc3 Qf4 20.Qxf4 Rxf4 21.a4 Bd7 22.a5 Ra4
23.axb6 axb6 24.Rab1 b5 25.Re5 Rc8 26.Rb2 Kf7 27.f3 c4 28.d4 Ra3 29.Re3 Rca8
30.Rb1 Ra2 31.Re2 R8a3 32.Bb4 Rb3 33.cxb3 Rxe2 34.bxc4 bxc4 35.Rc1 Bb5 36.Bc3 Bc6
37.Bb4 Bd5 38.Bc3 g5 39.Re1 Rc2 40.Re3 Kg6 41.g4 h6 42.Be1 Kf7 43.Kf1 Rb2
44.Kg1 Ke8 45.Bc3 Rc2 46.Be1 Kd7 47.h4 gxh4  1/2-1/2

[Event "MK Cafe op-A"]
[Site "Koszalin"]
[Date "1997.08.07"]
[Round "6"]
[White "Grabarczyk, Bogdan"]
[Black "Brodsky, Michail"]
[Result "1/2-1/2"]
[WhiteElo "2445"]
[BlackElo "2545"]

1.e4 c5 2.Nf3 Nc6 3.Bb5 g6 4.Bxc6 bxc6 5.O-O Bg7 6.Re1 Nh6 7.Nc3 O-O 8.d3 d6
9.Bd2 f6 10.a3 a5 11.Ne2 Nf7 12.c3 Bg4 13.d4 Qb6 14.b4 cxb4 15.cxb4 axb4
16.Bxb4 e5 17.Rb1 Qa6 18.Qb3 Rab8 19.dxe5 fxe5 20.Qa2 Kh8 21.Ng3 Ra8 22.Ra1 Bxf3
23.gxf3 Ng5 24.Bxd6 Nxf3+ 25.Kh1 Nxe1 26.Bxf8 Bxf8 27.Rxe1 Qxa3 28.Qf7 Bg7
29.Re3 Qd6 30.Kg2 Rf8 31.Qa2 h5 32.Ne2 Qf6 33.Ng1 Bh6 34.Ra3 Qg5+ 35.Rg3 Qf4
36.Qc2 Rf6 37.Nh3 Qd2 38.Qb1 Qd4 39.Rb3 Rf8 40.Rb8 Qd6 41.Rxf8+ Qxf8 42.Qb7 Qe8
43.Ng1 Qe6 44.h3 Bg7 45.Qb8+ Kh7 46.Nf3 Bf6 47.Qf8 g5 48.Nh2 Bg7 49.Nf3 Bf6
50.Nh2 Bg7 51.Nf3 Kg6 52.Qb8 Bf6 53.Nh2 Qc4  1/2-1/2

[Event "MK Cafe op-A"]
[Site "Koszalin"]
[Date "1997.08.08"]
[Round "7"]
[White "Brodsky, Michail"]
[Black "Sakalauskas, Vaidas"]
[Result "1-0"]
[WhiteElo "2545"]
[BlackElo "2375"]

1.e4 c5 2.Nf3 Nc6 3.Bb5 g6 4.Bxc6 dxc6 5.d3 Bg4 6.Nbd2 Bg7 7.h3 Bxf3 8.Nxf3 Nf6
9.O-O O-O 10.Be3 Nd7 11.c3 e5 12.a4 Qe7 13.a5 Rfe8 14.Nd2 Nf8 15.f4 exf4
16.Bxf4 Ne6 17.Bg3 Rad8 18.Nc4 Rf8 19.Qe2 Nc7 20.Rf3 Rd7 21.Raf1 Ne6 22.Kh1 Ng5
23.Bh4 f6 24.Bxg5 fxg5 25.Rxf8+ Bxf8 26.Qe3 Bg7 27.Qg3 h6 28.Qb8+ Kh7 29.Rf3 a6
30.Qg3 Rd8 31.Qf2 Rf8 32.Rxf8 Bxf8 33.Qf3 Bg7 34.Kg1 h5 35.Kf2 h4 36.Ke2 Be5
37.Qg4 Bg3 38.Kd1 Kh6 39.Qf3 Bf4 40.Qg4 Qd8 41.Kc2 Qe7 42.Qc8 Kg7 43.Nb6 Bd6
44.Qg4 Qc7 45.Nc4 Bf4 46.Kd1 Qd8 47.Ke1 Kf7 48.Nb6 Ke7 49.Qc8 Qxc8 50.Nxc8+ Ke6
51.Nb6 Bc1 52.Na4 Kd6 53.b3 Bf4 54.d4 cxd4 55.cxd4 Kc7 56.Nc5  1-0

[Event "MK Cafe op-A"]
[Site "Koszalin"]
[Date "1997.08.09"]
[Round "8"]
[White "Waschk, Armin"]
[Black "Lopushnoy, Denis"]
[Result "0-1"]
[WhiteElo "2245"]
[BlackElo "2385"]

1.e4 c5 2.Nf3 Nc6 3.Bb5 g6 4.c3 Nf6 5.e5 Nd5 6.O-O Bg7 7.d4 cxd4 8.cxd4 O-O
9.Nc3 Nc7 10.Ba4 d6 11.Bxc6 bxc6 12.Bg5 f6 13.exf6 exf6 14.Be3 Be6 15.Qd2 g5
16.Ne1 Qd7 17.Nd3 h6 18.f4 Nd5 19.Nxd5 Bxd5 20.f5 Be4 21.g4 h5 22.h3 hxg4
23.hxg4 Kf7 24.Kf2 Rh8 25.Ke2 Rae8 26.Rae1 Rh2+ 27.Rf2 Rh3 28.Kf1 Rh1+ 29.Ke2 Rh3
30.Kf1 Qe7 31.Rfe2 Bf3 32.Rh2 Bxg4 33.Bxg5 Qd7 34.Rxe8 Kxe8 35.Bf4 Qxf5 36.Rxh3 Bxh3+
37.Kg1 Kd7 38.Kh2 Bf1 39.Nf2 Qd5 40.Nh1 Bc4 41.b3 Qh5+ 42.Kg1 Bd5 43.Ng3 Qf3
44.Qf2 Qd1+ 45.Kh2 Qg4 46.Be3 Bf3 47.Nf1 f5 48.Qg3 Qh5+ 49.Qh3 Ke6 50.Qxh5 Bxh5
51.d5+ Kxd5 52.Bxa7 f4 53.Kg2 Bc3 54.Bb8 Bb4 55.a4 Ke4 56.a5 Be2 57.Kf2 Ba6
58.Bc7 d5 59.Bb6 d4 60.Nh2 d3 61.Ng4 Kf5 62.Kf3 c5 63.Nh6+ Kg6 64.Ng4 Kf5
65.Nh6+ Kg5 66.Nf7+ Kh5  0-1

[Event "MK Cafe op-A"]
[Site "Koszalin"]
[Date "1997.08.10"]
[Round "9"]
[White "Sulskis, Sarunas"]
[Black "Zezulkin, Jurij"]
[Result "1-0"]
[WhiteElo "2510"]
[BlackElo "2465"]

1.e4 c5 2.Nf3 Nc6 3.Bb5 d6 4.O-O Bd7 5.Re1 Nf6 6.c3 a6 7.Bf1 Bg4 8.h3 Bh5
9.d4 Bxf3 10.gxf3 e5 11.dxc5 dxc5 12.Qxd8+ Rxd8 13.f4 Be7 14.Na3 O-O 15.Nc4 exf4
16.Bxf4 b5 17.Ne3 Nh5 18.Bh2 Bd6 19.Bxd6 Rxd6 20.Red1 Rg6+ 21.Kh1 Re8 22.a4 Nf6
23.axb5 Nxe4 24.bxc6 Nxf2+ 25.Kh2 Nxd1 26.Rxd1 Rxc6 27.Bc4 g6 28.Rd3 Kg7
29.Kg3 h5 30.b3 Re5 31.Kf4 Re7 32.Kg3 Re5 33.Kf4 Re8 34.Nd5 Rd8 35.Re3 Rcd6
36.Nc7 Kf6 37.Kg3 Rd2 38.Ne8+  1-0

[Event "MK Cafe op-A"]
[Site "Koszalin"]
[Date "1997.08.10"]
[Round "9"]
[White "Markowski, Damian"]
[Black "Krasenkova, Ilena"]
[Result "1-0"]
[WhiteElo "2305"]
[BlackElo "2245"]

1.e4 c5 2.Nf3 Nc6 3.Bb5 g6 4.O-O Bg7 5.c3 e5 6.Na3 a6 7.Bxc6 dxc6 8.Nc4 Bg4
9.d3 Qe7 10.a4 b5 11.Ne3 Bxf3 12.Qxf3 Nf6 13.Qe2 O-O 14.g3 Qd7 15.b3 Rfd8
16.Rd1 Qh3 17.Ba3 Bf8 18.f3 Qe6 19.Rab1 Rd7 20.Qc2 Rad8 21.Ra1 h5 22.axb5 cxb5
23.c4 b4 24.Bc1 Bh6 25.Nd5 Bxc1 26.Qxc1 Kg7 27.Qe3 Rc8 28.Ra5 h4 29.Rxc5 Rxc5
30.Qxc5 hxg3 31.hxg3 Qh3 32.Qf2 Nxd5 33.exd5 Rd8 34.d4 Rh8 35.Qg2 Qh6 36.Kf2 Qh5
37.Qg1 Qf5 38.dxe5 Qc2+ 39.Ke3 Qxb3+ 40.Rd3 Qxc4 41.Qd1 Qc5+ 42.Ke4 a5 43.g4 Qb5
44.Qc2 Rb8 45.e6 fxe6 46.Qc7+ Kg8 47.dxe6 Qb7+ 48.Qxb7 Rxb7 49.Rd8+ Kg7 50.Rd7+ Kf6
51.Rxb7 Kxe6 52.Rb5  1-0

[Event "Rishon Le Ziyyon 9798"]
[Site "Rishon Le Ziyyon"]
[Date "1997.08.23"]
[Round "5"]
[White "Stepak, Yedael"]
[Black "Tsesarsky, Ilya"]
[Result "0-1"]
[WhiteElo "2305"]
[BlackElo "2390"]

1.e4 c5 2.Nf3 Nc6 3.Bb5 e6 4.O-O Nge7 5.c3 d5 6.Qe2 a6 7.Ba4 dxe4 8.Qxe4 b5
9.Bc2 Bb7 10.Qe2 Ng6 11.a4 Bd6 12.d4 cxd4 13.cxd4 Nb4 14.Be4 Bxe4 15.Qxe4 bxa4
16.Nc3 O-O 17.h4 h6 18.g3 Ne7 19.Rxa4 Ned5 20.Bd2 Qb6 21.Rfa1 Nf6 22.Qe2 Qb7
23.Be3 Rfc8 24.Ne1 Nfd5 25.Nxd5 Qxd5 26.Ra5 Qe4 27.Qf3 Qxf3 28.Nxf3 Nc2 29.R1a4 Nxe3
30.fxe3 Bxg3 31.Rc5 Rcb8 32.b4 Bd6 33.Rc4 Rb6 34.Ne1 Bg3 35.Nd3 Bxh4 36.Kg2 Be7
37.Rc7 Bd6 38.Rd7 Kf8 39.Nc5 Ke8 40.Kf3 Bxc5 41.bxc5 Kxd7 42.cxb6 Kc6 43.Rb4 Rb8
44.Ra4 Kxb6  0-1

[Event "Rishon Le Ziyyon 9798"]
[Site "Rishon Le Ziyyon"]
[Date "1997.08.23"]
[Round "8"]
[White "Sutovskij, Emil"]
[Black "Tsesarsky, Ilya"]
[Result "1-0"]
[WhiteElo "2560"]
[BlackElo "2390"]

1.e4 c5 2.Nf3 Nc6 3.Bb5 e6 4.O-O Nge7 5.Nc3 Ng6 6.d4 cxd4 7.Nxd4 Be7 8.Be3 Qc7
9.f4 a6 10.Bxc6 bxc6 11.Qh5 c5 12.Nde2 Bb7 13.Rad1 O-O-O 14.Ng3 Qc6 15.f5 d5
16.fxg6 hxg6 17.Qg4 f5 18.Qxg6 d4 19.Qxg7 Bd6 20.Bf4 Bxf4 21.Rxf4 dxc3 22.Rxd8+ Rxd8
23.Qxc3 Rd1+ 24.Rf1 Rxf1+ 25.Kxf1 f4 26.Ne2 Qxe4 27.Qxc5+ Kb8 28.Qd6+ Kc8
29.Qf8+ Kd7 30.Qf7+ Kc8 31.Nxf4 Qxc2 32.Qxe6+ Kb8 33.Qd6+ Ka8 34.Qd8+ Ka7
35.Qd4+ Ka8 36.h4 Qb1+ 37.Kf2 Qxa2 38.h5  1-0

[Event "ST Lee Cup 4th"]
[Site "Beijing"]
[Date "1997.08.27"]
[Round "4"]
[White "Ning Chunhong"]
[Black "Landa, Konstantin"]
[Result "0-1"]
[WhiteElo "2260"]
[BlackElo "2560"]

1.e4 c5 2.Nf3 Nc6 3.Bb5 Nf6 4.e5 Nd5 5.O-O Nc7 6.a4 g6 7.Bc4 Bg7 8.Re1 O-O
9.Nc3 d5 10.exd6 exd6 11.h3 d5 12.Bf1 b6 13.d3 Ne6 14.g3 Bb7 15.Bg2 Rc8 16.Rb1 c4
17.dxc4 dxc4 18.Be3 Nb4 19.Qe2 a6 20.Ng5 Bxg2 21.Nxe6 Qd7 22.Kxg2 Qxe6 23.Rbd1 Qc6+
24.f3 Rfe8 25.Qf2 Re6 26.Bf4 Rce8 27.Rxe6 Qxe6 28.Rd6 Qf5 29.Qxb6 Bxc3 30.Rd8 Qxc2+
31.Bd2 Qxd2+ 32.Rxd2 Bxd2 33.f4 Nd3 34.Qxa6 Re2+ 35.Kf3 Re3+ 36.Kg4 Be1 37.Kg5 Bxg3
38.f5 h6+  0-1

[Event "Chania op 7th"]
[Site "Chania"]
[Date "1997.09.04"]
[Round "2"]
[White "Pappas, Konstantinos"]
[Black "Bagaturov, Giorgi"]
[Result "0-1"]
[WhiteElo "2085"]
[BlackElo "2485"]

1.e4 c5 2.Nf3 Nc6 3.Bb5 e6 4.c3 d5 5.Qa4 Bd7 6.exd5 exd5 7.O-O Bd6 8.Re1+ Nge7
9.d4 O-O 10.dxc5 Bxc5 11.Be3 Bd6 12.Nbd2 a6 13.Bf1 Nf5 14.Qd1 Re8 15.Nb3 Nxe3
16.Rxe3 Rxe3 17.fxe3 Bg4 18.Be2 Qe7 19.Qd2 Re8 20.Rd1 Bc7 21.Nbd4 Qxe3+ 22.Qxe3 Rxe3
23.Kf2 Re4 24.Nxc6 bxc6 25.Bxa6 Ra4 26.Re1 Kf8 27.Bd3 Rxa2 28.Rb1 g6 29.h3 Bd7
30.c4 Bb6+ 31.Ke2 Ke7 32.Kd2 Be6 33.Kc3 Kf6 34.Rf1 Kg7 35.Ng5 Bd8 36.Nxe6+ fxe6
37.Kb3 Ra7 38.cxd5 cxd5 39.Rf2 e5 40.Bb5 Rc7 41.Rc2 Rxc2 42.Kxc2 Kf6 43.Bc6 Ke6
44.b4 e4 45.b5 Ke5 46.g3 g5 47.Bd7 d4 48.Kd2 Ba5+ 49.Kd1 d3 50.h4 h6 51.Bg4 e3
52.Bh5 e2+ 53.Bxe2 dxe2+ 54.Kxe2 g4  0-1

[Event "Banicky Kahanec"]
[Site "Prievidza"]
[Date "1997.09.13"]
[Round "7"]
[White "Boidman, Yuri"]
[Black "Oral, Tomas"]
[Result "1/2-1/2"]
[WhiteElo "2420"]
[BlackElo "2435"]

1.e4 c5 2.Nf3 Nc6 3.Bb5 e6 4.O-O Nge7 5.Nc3 a6 6.Bxc6 Nxc6 7.d4 cxd4 8.Nxd4 Qc7
9.Re1 Bd6 10.Nxc6 dxc6 11.Qh5 e5 12.f4 O-O 13.f5 f6 14.Kh1 Rd8 15.Re3 Qf7
16.Qxf7+ Kxf7 17.Rd3 Be7 18.Rxd8 Bxd8 19.Na4 b5 20.Nc5 Bb6 21.Be3 Ra7 22.Rd1 Bxc5
23.Bxc5 Rd7 24.Rxd7+ Bxd7 25.g4 g6 26.Kg2 h5 27.h3 hxg4 28.hxg4 gxf5 29.exf5 Kg7
30.Kf3 Be8 31.b4 Bf7 32.a3 Bd5+ 33.Kg3 Be4 34.c3 Kf7 35.Kh4 Bc2 36.Bb6 Bd3
37.Bd8 Bc2 38.g5 Bxf5 39.Bxf6 e4 40.Kg3 Bg6  1/2-1/2

[Event "ASA Masters-Juniors"]
[Site "Tel Aviv"]
[Date "1997.09.14"]
[Round "6"]
[White "Zalkind, Karmi"]
[Black "Tsesarsky, Ilya"]
[Result "0-1"]
[WhiteElo "2315"]
[BlackElo "2445"]

1.e4 c5 2.Nf3 Nc6 3.Bb5 e6 4.Nc3 Nge7 5.d4 cxd4 6.Nxd4 Ng6 7.O-O Be7 8.Be3 a6
9.Be2 Qc7 10.f4 b5 11.Nxc6 Qxc6 12.a3 Bb7 13.Bd4 Bc5 14.Kh1 f6 15.Bh5 Bxd4
16.Qxd4 O-O 17.Qd2 Rfd8 18.Rad1 a5 19.f5 Ne5 20.fxe6 Qxe6 21.Nxb5 Bxe4 22.Nc7 Qh3
23.Nxa8 Qxh5 24.Nb6 d5 25.Qf4 Rd6 26.Nc8 Re6 27.b3 Qe8 28.Na7 Ra6 29.Qf2 Ng4
30.Qe2 Qh5  0-1

[Event "Banicky Kahanec"]
[Site "Prievidza"]
[Date "1997.09.15"]
[Round "9"]
[White "Huba, Martin"]
[Black "Dobrotka, Martin"]
[Result "0-1"]
[WhiteElo "2170"]
[BlackElo "2230"]

1.e4 c5 2.Nf3 Nc6 3.Bb5 Qb6 4.Nc3 e6 5.O-O a6 6.Bxc6 Qxc6 7.d4 cxd4 8.Nxd4 Qc7
9.f4 d6 10.f5 Nf6 11.Kh1 Be7 12.Bg5 b5 13.fxe6 fxe6 14.Bxf6 Bxf6 15.Ndxb5 axb5
16.Nxb5 Qc5 17.Nxd6+ Ke7 18.Nxc8+ Rhxc8 19.c3 Qc4 20.Qf3 Rf8 21.Rfe1 Bh4
22.Qe2 Qxe2 23.Rxe2 Rxa2 24.Rb1 Rf2 25.Rxf2 Bxf2 26.g3 Bb6 27.Kg2 Kd6 28.Kf3 Ke5
29.h3 Ra7 30.b4 Rf7+ 31.Kg4 Kxe4 32.c4 Bf2 33.Rb3 Kd4 34.c5 Kc4 35.Rb1 Kb5
36.h4 e5 37.Rc1 e4 38.c6 Bb6  0-1

[Event "Banicky Kahanec"]
[Site "Prievidza"]
[Date "1997.09.16"]
[Round "10"]
[White "Huba, Martin"]
[Black "Pisk, Petr"]
[Result "1-0"]
[WhiteElo "2170"]
[BlackElo "2340"]

1.e4 c5 2.Nf3 Nc6 3.Bb5 d6 4.d4 cxd4 5.Qxd4 Bd7 6.Bxc6 Bxc6 7.Nc3 Nf6 8.Bg5 e6
9.O-O Be7 10.Rad1 O-O 11.Rfe1 Qa5 12.b4 Qc7 13.b5 Be8 14.Rd3 h6 15.Bh4 a6
16.a4 Qa5 17.Rb1 axb5 18.axb5 Rc8 19.h3 Bd8 20.Qxd6 Rxc3 21.Qxd8 Qa2 22.Rdd1 Rxc2
23.Qd3 Rb2 24.Rxb2 Qxb2 25.Rb1 Qa2 26.Bxf6 gxf6 27.Nd2 e5 28.Rb3 Qa1+ 29.Nf1 Qd4
30.Qf3 Bd7 31.Rd3  1-0

[Event "ISL-ch"]
[Site "Akureyri"]
[Date "1997.09.20"]
[Round "11"]
[White "Vidarsson, Jon G"]
[Black "Thorfinnsson, Bragi"]
[Result "1-0"]
[WhiteElo "2380"]
[BlackElo "2215"]

1.e4 c5 2.Nf3 Nc6 3.Bb5 e6 4.O-O a6 5.Bxc6 bxc6 6.e5 d5 7.exd6 Nf6 8.Nc3 Bxd6
9.d3 Rb8 10.b3 h6 11.Na4 O-O 12.Bb2 Re8 13.Re1 Nd7 14.Ne5 Qc7 15.Qh5 Nf6
16.Qf3 Bb7 17.h3 Rbd8 18.Nc4 e5 19.Nxd6 Qxd6 20.Ba3 Nd7 21.Qe3 Qg6 22.Bxc5 Nxc5
23.Nxc5 Bc8 24.a4 f5 25.a5 Rd5 26.b4 e4 27.Qf4 Rde5 28.Ra3 Qd6 29.dxe4 Qd4
30.c3 Qc4 31.Qd2 fxe4 32.Qa2 Be6 33.Qxc4 Bxc4 34.Re3 Kf7 35.Ra1 Kg6 36.Rae1 Kf5
37.Kh2 Kf4 38.Na4 Kf5 39.g4+ Kf4 40.Nc5 R8e7 41.Kg2 Re8 42.f3 exf3+ 43.Rxf3+ Kg5
44.Rxe5+ Rxe5 45.Kg3 Re1 46.h4+ Kg6 47.h5+ Kh7 48.Kf4 g5+ 49.hxg6+ Kxg6 50.Re3 Rd1
51.Ne6 Kf6 52.Nd4 Bd5 53.Rh3 Rf1+ 54.Ke3 Kg5 55.Rh5+ Kg6 56.Nf5 Re1+ 57.Kd2 Re8
58.Rxh6+ Kg5 59.Rd6  1-0

[Event "RUS-ch (Women)"]
[Site "Elista"]
[Date "1997.09.20"]
[Round "2"]
[White "Kovalevskaya, Ekaterina"]
[Black "Strutinskaya, Galina N"]
[Result "1-0"]
[WhiteElo "2350"]
[BlackElo "2305"]

1.e4 c5 2.Nf3 Nc6 3.Bb5 e6 4.O-O Nge7 5.Nc3 Nd4 6.Nxd4 cxd4 7.Ne2 Nc6 8.c3 Bc5
9.b4 Bb6 10.Bb2 dxc3 11.Bxc3 Qg5 12.Ba4 O-O 13.d4 d6 14.Kh1 e5 15.f4 exf4
16.Nxf4 Bd7 17.Nd5 Bd8 18.Qd3 Qh6 19.b5 Ne7 20.Bd2 Qg6 21.Nf4 Qh6 22.Bb3 g5
23.Nd5 Ng6 24.a4 Be6 25.Qg3 Qh4 26.Qxh4 gxh4 27.Bb4 Bg5 28.Bxd6 Rfd8 29.Ba3 Rac8
30.Bc1 h6 31.Bxg5 hxg5 32.Nf6+ Kg7 33.d5 Rc3 34.dxe6 Rxb3 35.exf7 Kxf7 36.Nh7+ Kg7
37.Nxg5 Rd2 38.Nf3 Rd7 39.h3 Rb4 40.Rfe1 Kf6 41.e5+ Ke6 42.Reb1 Rf4 43.Ra3 Rd5
44.Re1 Rc4 45.b6 a5 46.Ng5+ Kf5 47.Nf7 Ke6 48.Rf3 Nxe5 49.Ng5+ Kd6 50.Rf6+ Kc5
51.Ne6+ Kb4 52.Rf5 Kxa4 53.Nc7 Rdc5 54.Rfxe5 Kb3 55.Rb1+ Ka2 56.Ree1 a4 57.Nb5 Re5
58.Ra1+ Kb2 59.Reb1+  1-0